Special Report: BIM (Record no. 84770)

MARC details
000 -LEADER
fixed length control field 00777cab a22002295a 4500
001 - CONTROL NUMBER
control field L159010
008 - FIXED-LENGTH DATA ELEMENTS--GENERAL INFORMATION
fixed length control field 150526e2015 xxk 000 0 eng d
035 ## - SYSTEM CONTROL NUMBER
System control number (Sirsi) u159010
041 0# - LANGUAGE CODE
Language code of text/sound track or separate title eng
100 1# - MAIN ENTRY--PERSONAL NAME
Personal name Selby, Alan
245 00 - TITLE STATEMENT
Title Special Report: BIM
490 ## - SERIES STATEMENT
Series statement Construction News
Volume/sequential designation (7426) 04 December 2015, 26-30 (5)
520 ## - SUMMARY, ETC.
Summary, etc. 'Full to the BIM' - Shows how BIM tech saves cost and time on pivotal reservoir upgrade. 'Estimators need not fear the rise of BIM' by Will Mann explains how the estimator role will become more dynamic thanks to BIM.
650 24 - SUBJECT ADDED ENTRY--TOPICAL TERM
Topical term or geographic name entry element 5D BIM
650 24 - SUBJECT ADDED ENTRY--TOPICAL TERM
Topical term or geographic name entry element Quantity surveying
9 (RLIN) 6263
650 24 - SUBJECT ADDED ENTRY--TOPICAL TERM
Topical term or geographic name entry element RESERVOIRS
651 #4 - SUBJECT ADDED ENTRY--GEOGRAPHIC NAME
Geographic name United Kingdom
Chronological subdivision
690 ## - LOCAL SUBJECT ADDED ENTRY--TOPICAL TERM (OCLC, RLIN)
Topical term or geographic name as entry element CONSTRUCTION
700 1# - ADDED ENTRY--PERSONAL NAME
Personal name Simpson, Gareth
700 1# - ADDED ENTRY--PERSONAL NAME
Personal name Mann, Will
942 ## - ADDED ENTRY ELEMENTS (KOHA)
Suppress in OPAC 0
Holdings
Withdrawn status Lost status Source of classification or shelving scheme Damaged status Not for loan Home library Current library Shelving location Date acquired Total Checkouts Full call number Barcode Date last seen Copy number Price effective from Koha item type
    Dewey Decimal Classification     London London Journal article 07/12/2015   L159010 159010-1001 06/08/2019 1 06/08/2019 Journal article